Fundamentos de psicología cognitiva / (Registro nro. 44852)
[ vista simple ]
| 000 -LEADER | |
|---|---|
| fixed length control field | 01424cam a2200349 i 4500 |
| 001 - CONTROL NUMBER | |
| control field | 44852 |
| 003 - CONTROL NUMBER IDENTIFIER | |
| control field | Mx-PuUPA |
| 005 - DATE AND TIME OF LATEST TRANSACTION | |
| control field | 20240530101257.0 |
| 008 - FIXED-LENGTH DATA ELEMENTS--GENERAL INFORMATION | |
| fixed length control field | 140415s2022 mx ad gr 000 0 spa d |
| 020 ## - INTERNATIONAL STANDARD BOOK NUMBER | |
| International Standard Book Number | 9786071744210 |
| 040 ## - CATALOGING SOURCE | |
| Transcribing agency | Mx-PuUPA |
| Original cataloging agency | Mx-PuUPA |
| Language of cataloging | spa |
| Modifying agency | Mx-PuUPA |
| Description conventions | rda |
| 041 1# - LANGUAGE CODE | |
| Language code of text/sound track or separate title | spa |
| Language code of original | eng |
| 100 1# - MAIN ENTRY--PERSONAL NAME | |
| Personal name | Eysenck, Michael W., |
| Dates associated with a name | 1944- |
| 9 (RLIN) | 15734 |
| Relator term | autor |
| 240 10 - UNIFORM TITLE | |
| Uniform title | Fundamentals of cognition. |
| Language of a work | Español |
| 245 10 - TITLE STATEMENT | |
| Title | Fundamentos de psicología cognitiva / |
| Statement of responsibility, etc. | Michael W. Eysenck, Marc Brysbaert |
| 246 14 - VARYING FORM OF TITLE | |
| Title proper/short title | Fundamentos de psicología cognitiva : |
| Remainder of title | perspectivas, multitareas, conceptos, neurociencia. |
| 250 #1 - EDITION STATEMENT | |
| Edition statement | Primera edición |
| 264 #1 - PRODUCTION, PUBLICATION, DISTRIBUTION, MANUFACTURE, AND COPYRIGHT NOTICE | |
| Place of production, publication, distribution, manufacture | Ciudad de México : |
| Name of producer, publisher, distributor, manufacturer | Editorial Trillas, |
| Date of production, publication, distribution, manufacture, or copyright notice | ©2022 |
| 300 ## - PHYSICAL DESCRIPTION | |
| Extent | 560 páginas : |
| Other physical details | ilustraciones, gráficas, diagramas, tablas ; |
| Dimensions | 23 cm |
| 336 ## - CONTENT TYPE | |
| Fuente | rdacontent |
| Content type term | texto |
| Content type code | txt |
| 337 ## - MEDIA TYPE | |
| Source | rdamedia |
| Media type term | sin medio |
| Media type code | n |
| 338 ## - CARRIER TYPE | |
| Source | rdacarrier |
| Carrier type term | volumen |
| Carrier type code | nc |
| 500 ## - GENERAL NOTE | |
| General note | "Material complementario coachingtrillas.mx" -- Cubierta |
| 650 #7 - SUBJECT ADDED ENTRY--TOPICAL TERM | |
| Source of heading or term | armarc |
| Topical term or geographic name entry element | Psicología cognitiva |
| 650 #7 - SUBJECT ADDED ENTRY--TOPICAL TERM | |
| Source of heading or term | armarc |
| Topical term or geographic name entry element | Cognición |
| 700 1# - ADDED ENTRY--PERSONAL NAME | |
| Personal name | Brysbaert, Marc, |
| Relator term | autor |
| 765 0# - ORIGINAL LANGUAGE ENTRY | |
| Main entry heading | Eysenck, Michael W., 1944- |
| Edition | Tercera edición |
| Place, publisher, and date of publication | [Argentina?] : Routledge, ©2018 |
| Title | Fundamentals of cognition. |
| International Standard Book Number | 9781138670457 |
| 942 ## - ADDED ENTRY ELEMENTS (KOHA) | |
| Source of classification or shelving scheme | Dewey Decimal Classification |
| Koha item type | Libro |
| Classification part | 153 |
| Item part | E98 |
| Withdrawn status | Lost status | Source of classification or shelving scheme | Damaged status | Not for loan | Collection code | Home library | Current library | Shelving location | Date acquired | Source of acquisition | Total Checkouts | Full call number | Barcode | Checked out | Date last seen | Date last checked out | Price effective from | Koha item type |
|---|---|---|---|---|---|---|---|---|---|---|---|---|---|---|---|---|---|---|
| Dewey Decimal Classification | Magisterial | Biblioteca Karol Wojtyla | Biblioteca Karol Wojtyla | Módulo de circulación | 03/12/2013 | Compra | 1 | 153 E98 2022 | 45421 | 04/06/2025 | 04/06/2024 | 04/06/2024 | 03/12/2013 | Magisterial |